All or nothing (Record no. 240746)
[ view plain ]
| 000 -LEADER | |
|---|---|
| fixed length control field | 01976nam a22002417a 4500 |
| 005 - DATE AND TIME OF LATEST TRANSACTION | |
| control field | 20260114170944.0 |
| 008 - FIXED-LENGTH DATA ELEMENTS--GENERAL INFORMATION | |
| fixed length control field | 260114b |||||||| |||| 00| 0 eng d |
| 020 ## - INTERNATIONAL STANDARD BOOK NUMBER | |
| International Standard Book Number | 9781408713952 |
| 040 ## - CATALOGING SOURCE | |
| Transcribing agency | AL |
| 041 ## - LANGUAGE CODE | |
| Language code of text/sound track or separate title | English |
| 082 ## - DEWEY DECIMAL CLASSIFICATION NUMBER | |
| Classification number | 324.973 |
| Item number | WOLA |
| 100 ## - MAIN ENTRY--PERSONAL NAME | |
| Personal name | Michael Wolff |
| 100 ## - MAIN ENTRY--PERSONAL NAME | |
| 9 (RLIN) | 251348 |
| 245 ## - TITLE STATEMENT | |
| Title | All or nothing |
| Remainder of title | : how Trump recaptured America |
| 260 ## - PUBLICATION, DISTRIBUTION, ETC. | |
| Place of publication, distribution, etc. | London |
| Name of publisher, distributor, etc. | The Bridge Street Press |
| Date of publication, distribution, etc. | 2025 |
| 300 ## - PHYSICAL DESCRIPTION | |
| Extent | 379p. |
| Other physical details | PB |
| Dimensions | 23x15cm. |
| 365 ## - TRADE PRICE | |
| Price type code | 5464 |
| Price amount | ₹799.00 |
| Currency code | ₹ |
| Unit of pricing | ₹999.00 |
| Price note | 20% |
| Price effective from | 10-01-2026 |
| 520 ## - SUMMARY, ETC. | |
| Summary, etc. | All or Nothing is the final chapter in Wolff’s Fire and Fury series. With extraordinary behind-the-scenes access, it follows every turn of Donald Trump’s third presidential campaign.<br/>In disgrace after the January 6 attack on the Capitol and sent into exile, Trump immediately sputters back to life.<br/>To the shock of the Republican Party leadership, the Trump base has not abandoned him. Hardly a year on, he is as strong as any challenger has ever been. The American establishment is stunned by his comeback and determined to stop it and hold him accountable for his abuses of law and power.<br/>Equally, he has vowed retribution on anyone who tries to stand in his way. The 2024 presidential race is<br/>elemental: the system breaks Donald Trump or Donald Trump breaks the system.<br/><br/>Michael Wolff tells this story from inside the Trump campaign. Through the sources he has cultivated over his ten years of writing about Donald Trump, including people who are with Trump on a daily basis, as well as his own first-hand reporting, we get a nearly moment- by-moment picture of the pendulum mood swings, the casual cruelties, the demands for obeisance, the preternatural resolve or otherworldly levels of denial, and the certain flashes of showman genius of the new president. |
| 650 ## - SUBJECT ADDED ENTRY--TOPICAL TERM | |
| Topical term or geographic name entry element | Election |
| 9 (RLIN) | 251180 |
| 650 ## - SUBJECT ADDED ENTRY--TOPICAL TERM | |
| Topical term or geographic name entry element | United States |
| 9 (RLIN) | 251349 |
| 650 ## - SUBJECT ADDED ENTRY--TOPICAL TERM | |
| Topical term or geographic name entry element | Political culture |
| 9 (RLIN) | 251350 |
| 650 ## - SUBJECT ADDED ENTRY--TOPICAL TERM | |
| Topical term or geographic name entry element | Politics and government |
| 9 (RLIN) | 251351 |
| 942 ## - ADDED ENTRY ELEMENTS (KOHA) | |
| Source of classification or shelving scheme | Dewey Decimal Classification |
| Koha item type | Book |
| Withdrawn status | Lost status | Source of classification or shelving scheme | Damaged status | Not for loan | Collection code | Home library | Current library | Shelving location | Date acquired | Source of acquisition | Cost, normal purchase price | Total Checkouts | Full call number | Barcode | Date last seen | Cost, replacement price | Price effective from | Koha item type |
|---|---|---|---|---|---|---|---|---|---|---|---|---|---|---|---|---|---|---|
| Dewey Decimal Classification | Political Science | St Aloysius Library | St Aloysius Library | Stack Section | 01/13/2026 | Biblios Book Point, Surathkal-575014 | 799.00 | 324.973 WOLA | 078024 | 01/14/2026 | 999.00 | 01/10/2026 | Book |